Sidemen Football Charity Match 2022 - Statistics

General Stats
  • This quiz has been taken 218 times
  • The average score is 23 of 33
Answer Stats
Answer % Correct
KSI
96%
MINIMINTER
95%
VIKKSTAR
92%
W2S
92%
TBJZL
90%
ZERKAA
90%
BEHZINGA
89%
CAL THE DRAGON
84%
CHRISMD
84%
CHRIS TYSON
84%
CHUNKZ
84%
HARRY PINERO
84%
MRBEAST
83%
ISHOWSPEED
82%
NIKO OMILANA
75%
PIEFACE
72%
YUNG FILLY
71%
MANNY
68%
CALLUX
67%
CALFREEZY
65%
THEO BAKER
61%
CHANDLER
59%
KARL JACOBS
56%
WILLNE
55%
DANNY AARONS
51%
NOAH BECK
50%
DEJI
48%
RANDOLPH
48%
ANESONGIB
45%
CASTRO
41%
JME
41%
LAZARBEAM
37%
GEORGENOTFOUND
30%
No matching quizzes found
Score Distribution
Percent of People with Each Score
Percentile by Number Answered
Your Score History
You have not taken this quiz